ბათუმის შოთა რუსთაველის სახელმწიფო უნივერსიტეტის ბიბლიოთეკა

გმირთა სისხლით (ბიბ.ჩანაწერი № 49941)

000 -LEADER
fixed length control field 00799nam a2200217Ia 4500
001 - CONTROL NUMBER
control field 16877
003 - CONTROL NUMBER IDENTIFIER
control field GE_BSU
008 - FIXED-LENGTH DATA ELEMENTS--GENERAL INFORMATION
fixed length control field 181216s||||||||xx |||||||||||||| ||und||
040 ## - CATALOGING SOURCE
Transcribing agency GE_BSU
080 ## - UNIVERSAL DECIMAL CLASSIFICATION NUMBER
Universal Decimal Classification number 355.486:356.15(47+57)"1941-1942"(093.3)
100 ## - MAIN ENTRY--PERSONAL NAME
Personal name ბაქრაძე, დავით
245 ## - TITLE STATEMENT
Title გმირთა სისხლით
245 ## - TITLE STATEMENT
Remainder of title პირველი უკრ. პარტიზან. შენაერთის მონაწილის ჩანაწერები
245 ## - TITLE STATEMENT
Statement of responsibility, etc. რედ.ლ.გეგელია.
260 ## - PUBLICATION, DISTRIBUTION, ETC.
Place of publication, distribution, etc. თბილისი
260 ## - PUBLICATION, DISTRIBUTION, ETC.
Name of publisher, distributor, etc. ნაკადული
260 ## - PUBLICATION, DISTRIBUTION, ETC.
Date of publication, distribution, etc. 1964
300 ## - PHYSICAL DESCRIPTION
Extent 485გვ. : ილ. 1ფ. პორტრ. ; 22სმ.
653 ## - INDEX TERM--UNCONTROLLED
Uncontrolled term გმირთა სისხლით
942 ## - ADDED ENTRY ELEMENTS (KOHA)
Koha item type წიგნი
ეგზემპლარები
Withdrawn status Lost status Damaged status Not for loan Date acquired Barcode Date last seen Price effective from Koha item type
        2018-12-17 21890 2018-12-17 2018-12-17 წიგნი
        2018-12-17 21891 2018-12-17 2018-12-17 წიგნი
        2018-12-17 21892 2018-12-17 2018-12-17 წიგნი
        2018-12-17 21893 2018-12-17 2018-12-17 წიგნი